Statistics for World Series Winners Quiz

Click here to take the quiz!

General Stats

  • This quiz has been taken 22,153 times
    (3,032 since last reset)
  • The average score is 33 of 69

Answer Stats

Year Loser Winner % Correct
2019AstrosNationals
93%
2017DodgersAstros
93%
2018DodgersRed Sox
92%
2016IndiansCubs
91%
2015MetsRoyals
84%
2014RoyalsGiants
83%
2012TigersGiants
79%
2013CardinalsRed Sox
78%
2009PhilliesYankees
78%
2011RangersCardinals
76%
2010RangersGiants
76%
2000MetsYankees
71%
1999BravesYankees
70%
1998PadresYankees
70%
2004CardinalsRed Sox
69%
2008RaysPhillies
68%
2007RockiesRed Sox
67%
1996BravesYankees
64%
2001YankeesDiamondbacks
63%
2006TigersCardinals
62%
2005AstrosWhite Sox
61%
2003YankeesMarlins
59%
1995IndiansBraves
56%
2002GiantsAngels
55%
1993PhilliesBlue Jays
52%
1997IndiansMarlins
51%
1992BravesBlue Jays
50%
1986Red SoxMets
49%
1989GiantsAthletics
48%
1988AthleticsDodgers
48%
1978DodgersYankees
46%
1991BravesTwins
44%
1977DodgersYankees
44%
1990AthleticsReds
43%
1953DodgersYankees
41%
1956DodgersYankees
41%
1951GiantsYankees
40%
1952DodgersYankees
40%
1950PhilliesYankees
40%
1985CardinalsRoyals
38%
1958BravesYankees
38%
1961RedsYankees
37%
1962GiantsYankees
37%
1975Red SoxReds
37%
1981YankeesDodgers
35%
1976YankeesReds
35%
1987CardinalsTwins
34%
1984PadresTigers
33%
1969OriolesMets
32%
1983PhilliesOrioles
32%
1982BrewersCardinals
32%
1955YankeesDodgers
31%
1974DodgersAthletics
31%
1972RedsAthletics
30%
1973MetsAthletics
30%
1980RoyalsPhillies
30%
1979OriolesPirates
29%
1967Red SoxCardinals
28%
1970RedsOrioles
26%
1963YankeesDodgers
25%
1965TwinsDodgers
25%
1959White SoxDodgers
24%
1954IndiansGiants
23%
1968CardinalsTigers
23%
1971OriolesPirates
23%
1964YankeesCardinals
23%
1960YankeesPirates
21%
1957YankeesBraves
19%
1966DodgersOrioles
19%

Score Distribution

Percentile by Number Answered

Percent of People with Each Score

Your Score History

You have not taken this quiz since the last reset